| 000 | 00772nam a22002417a 4500 | ||
|---|---|---|---|
| 999 |
_c325792 _d325792 |
||
| 001 | 39648 | ||
| 003 | UA-OsUOA | ||
| 005 | 20200221103623.0 | ||
| 007 | ta | ||
| 008 | 20060623b un ||||| |||| 00| 0 ukr d | ||
| 020 | _a9663461136 | ||
| 040 |
_aUA-OsUOA _bukr _cUA-OsUOA _dUA-OsUOA |
||
| 041 | _aukr | ||
| 080 | _a94(477)(075.8) | ||
| 090 |
_a94(477)(075.8) _bП19 |
||
| 100 | _aПасічник М. С. | ||
| 245 |
_aІсторія України: державницькі процеси, розвиток культури та політичні перспективи _bнавч. посіб. |
||
| 260 |
_aК. _bЗнання _c2006 |
||
| 300 | _a735 с. | ||
| 650 | 7 |
_a9 Географія. Біографії. Історія _2UDC |
|
| 942 |
_cBK _2udc |
||
| 955 | _a2 | ||